[Event "Otocec Krka Terme op"]
[Site "Otocec"]
[Date "2017.11.05"]
[Round "9"]
[White "Vaupot, Luka"]
[Black "Kastelic, Amadej"]
[Result "1-0"]
[WhiteElo "1537"]
[BlackElo "1202"]
[PlyCount "41"]
[EventDate "2017.11.02"]
[EventType "swiss"]
[EventRounds "9"]
[EventCountry "SLO"]
[SourceTitle "EXT 2019"]
[Source "ChessBase"]
[SourceDate "2018.10.10"]
[SourceVersion "1"]
[SourceVersionDate "2018.10.10"]
[SourceQuality "1"]

1. d4 Nf6 2. Nf3 e6 3. c4 d5 4. g3 h6 5. Bg2 Be7 6. 0-0 0-0 7. Qc2 b6 8. Nbd2 Bb7 9. Ne5 Nbd7 10. Ndf3 Nxe5 11. Nxe5 Nd7 12. f4 Nxe5 13. fxe5 f6 14. Bxh6 gxh6 15. Qg6+ Kh8 16. Qxh6+ Kg8 17. Qg6+ Kh8 18. Rf4 fxe5 19. Qh6+ Kg8 20. Rg4+ Kf7 21. Qg6# 1-0

[Event "Otocec Krka Terme op"]
[Site "Otocec"]
[Date "2017.11.04"]
[Round "7"]
[White "Pajek, Tjasa"]
[Black "Kastelic, Amadej"]
[Result "1-0"]
[WhiteElo "1240"]
[BlackElo "1202"]
[PlyCount "71"]
[EventDate "2017.11.02"]
[EventType "swiss"]
[EventRounds "9"]
[EventCountry "SLO"]
[SourceTitle "EXT 2019"]
[Source "ChessBase"]
[SourceDate "2018.10.10"]
[SourceVersion "1"]
[SourceVersionDate "2018.10.10"]
[SourceQuality "1"]

1. e4 c5 2. Nf3 e6 3. d4 cxd4 4. Nxd4 Nc6 5. Nxc6 bxc6 6. Bd3 Qc7 7. 0-0 Nf6 8. Be3 Rb8 9. b3 g6 10. Nd2 Bg7 11. Rc1 0-0 12. Nc4 d5 13. exd5 cxd5 14. Nd2 e5 15. c3 Ng4 16. h3 Nxe3 17. fxe3 e4 18. Bb1 Ba6 19. Re1 Rfc8 20. c4 dxc4 21. Nxc4 Bxc4 22. Rxc4 Qe7 23. Rxe4 Qd8 24. Qxd8+ Rxd8 25. Re7 a5 26. Rf1 f5 27. g4 fxg4 28. hxg4 a4 29. Bc2 Rd2 30. Rff7 Rbd8 31. Rc7 Bh6 32. Rf3 Re2 33. bxa4 Rdd2 34. Bb3+ Kh8 35. Rc8+ Kg7 36. Rg8# 1-0

[Event "SLO-ch U10"]
[Site "Ptuj"]
[Date "2017.03.01"]
[Round "6"]
[White "Kastelic, Amadej"]
[Black "Marinc, Primoz"]
[Result "1-0"]
[WhiteElo "1187"]
[BlackElo "1048"]
[PlyCount "79"]
[EventDate "2017.02.27"]
[EventType "swiss"]
[EventRounds "9"]
[EventCountry "SLO"]
[SourceTitle "CBM 177 Extra"]
[Source "ChessBase"]
[SourceDate "2017.04.27"]
[SourceVersion "1"]
[SourceVersionDate "2017.04.27"]
[SourceQuality "1"]

1. e4 e5 2. Nf3 Nc6 3. Bb5 a6 4. Ba4 d6 5. 0-0 Bd7 6. c3 Nge7 7. Bb3 Ng6 8. d4 Be7 9. d5 Na7 10. Re1 0-0 11. Nbd2 Nf4 12. Nf1 f5 13. Bxf4 exf4 14. Qd2 fxe4 15. Rxe4 Bg5 16. Nxg5 Qxg5 17. Rae1 Bh3 18. g3 Bxf1 19. Rxf1 Rf6 20. Rfe1 Raf8 21. Re8 Rxe8 22. Rxe8+ Kf7 23. Ra8 Rf5 24. Rxa7 Re5 25. Qxf4+ Qxf4 26. gxf4 Re2 27. Rxb7 Re7 28. Ra7 h5 29. Rxa6 h4 30. h3 Re4 31. Ra7 Re7 32. a4 Kf6 33. a5 g5 34. fxg5+ Kxg5 35. Ra8 Kf4 36. Rf8+ Ke4 37. a6 c5 38. dxc6 Ke5 39. Rc8 Rg7+ 40. Kf1 1-0

[Event "SLO-ch U10"]
[Site "Ptuj"]
[Date "2017.03.01"]
[Round "5"]
[White "Vicic, Mark"]
[Black "Kastelic, Amadej"]
[Result "1-0"]
[WhiteElo "1252"]
[BlackElo "1187"]
[PlyCount "63"]
[EventDate "2017.02.27"]
[EventType "swiss"]
[EventRounds "9"]
[EventCountry "SLO"]
[SourceTitle "CBM 177 Extra"]
[Source "ChessBase"]
[SourceDate "2017.04.27"]
[SourceVersion "1"]
[SourceVersionDate "2017.04.27"]
[SourceQuality "1"]

1. e4 c5 2. Nc3 e6 3. f4 a6 4. a4 Qc7 5. d3 Nc6 6. Nf3 d6 7. Be2 Nf6 8. 0-0 Be7 9. Qe1 0-0 10. Qg3 Re8 11. Kh1 Bf8 12. Bd2 Nd4 13. Rac1 Bd7 14. b3 Nxe2 15. Nxe2 d5 16. e5 Nh5 17. Qh3 g6 18. g4 Ng7 19. Ng5 h5 20. Ng3 Be7 21. gxh5 Bxg5 22. fxg5 gxh5 23. Nxh5 Nxh5 24. Qxh5 Rf8 25. g6 fxg6 26. Qxg6+ Kh8 27. Qh6+ Kg8 28. Rg1+ Kf7 29. Qg6+ Ke7 30. Bg5+ Rf6 31. Bxf6+ Kf8 32. Qg8# 1-0

[Event "Styrian op U08/10 23nd"]
[Site "Mureck"]
[Date "2016.08.07"]
[Round "5.1"]
[White "Kastelic, Amadej"]
[Black "Lackner, Simon"]
[Result "1-0"]
[WhiteElo "1187"]
[BlackElo "800"]
[PlyCount "115"]
[EventDate "2016.08.03"]
[EventType "swiss"]
[EventRounds "9"]
[EventCountry "AUT"]
[SourceTitle "EXT 2024"]
[Source "ChessBase"]
[SourceDate "2023.10.10"]
[SourceVersion "1"]
[SourceVersionDate "2023.10.10"]
[SourceQuality "1"]

1. e4 e5 2. Nf3 d6 3. Bc4 Bg4 4. d3 Qf6 5. Nc3 Bxf3 6. Qxf3 Qxf3 7. gxf3 Nd7 8. Nd5 Rc8 9. Be3 Ne7 10. Nxe7 Bxe7 11. d4 0-0 12. Rd1 Nb6 13. Bb3 Rcd8 14. Rg1 c5 15. dxc5 dxc5 16. a3 Rxd1+ 17. Kxd1 c4 18. Bxb6 cxb3 19. Bxa7 Rd8+ 20. Kc1 Rc8 21. c3 h6 22. Be3 Kh7 23. Rd1 b5 24. Rd7 Bf8 25. Rxf7 b4 26. axb4 Bxb4 27. Rb7 Bd6 28. Rxb3 h5 29. Rb6 Bc7 30. Rc6 Kg8 31. Bb6 Ra8 32. Rxc7 Ra1+ 33. Kc2 Rh1 34. Rc8+ Kf7 35. Rh8 Rxh2 36. Rd8 h4 37. Rd1 h3 38. Rg1 Rg2 39. Rh1 h2 40. Kd2 Rg1 41. Rxh2 Rg6 42. Bc7 Kf6 43. Rh5 Rh6 44. Rxh6+ gxh6 45. b4 h5 46. Ke1 Ke7 47. Bxe5 Kd7 48. f4 h4 49. f5 h3 50. f6 Ke6 51. Bg3 Kxf6 52. b5 Ke7 53. e5 Kd7 54. b6 Kc8 55. e6 Kd8 56. b7 h2 57. Bxh2 Ke7 58. b8Q 1-0

[Event "Styrian op U08/10 23nd"]
[Site "Mureck"]
[Date "2016.08.03"]
[Round "1.5"]
[White "Leitner, Thomas"]
[Black "Kastelic, Amadej"]
[Result "1/2-1/2"]
[WhiteElo "898"]
[BlackElo "1187"]
[PlyCount "99"]
[EventDate "2016.08.03"]
[EventType "swiss"]
[EventRounds "9"]
[EventCountry "AUT"]
[SourceTitle "EXT 2024"]
[Source "ChessBase"]
[SourceDate "2023.10.10"]
[SourceVersion "1"]
[SourceVersionDate "2023.10.10"]
[SourceQuality "1"]

1. d4 d5 2. c4 c6 3. Nc3 Nf6 4. Bg5 Bf5 5. Nf3 e6 6. e3 Nbd7 7. c5 Be7 8. Nh4 Bg6 9. Nxg6 hxg6 10. Bd3 0-0 11. Qf3 Qc7 12. e4 Bd8 13. b4 a6 14. e5 Ne8 15. Bxd8 Qxd8 16. 0-0 Qh4 17. Be2 Qxd4 18. Qe3 Qxe3 19. fxe3 Nxe5 20. Na4 Nd7 21. Rad1 Nc7 22. e4 a5 23. bxa5 Rxa5 24. Nb6 Nxb6 25. cxb6 Na8 26. Rb1 Rxa2 27. Bf3 Ra5 28. Rfd1 f5 29. exd5 exd5 30. Be2 Ra2 31. Bf1 Re8 32. h3 Re3 33. Rd4 Rea3 34. Rdd1 Re3 35. Rd4 Re5 36. Rd3 c5 37. Rc3 c4 38. Rxc4 dxc4 39. Bxc4+ Kf8 40. Bxa2 Rc5 41. Kh2 Rc6 42. Kg3 Rxb6 43. Rxb6 Nxb6 44. Kf4 Nd7 45. Kg5 Ne5 46. Kf4 Nd3+ 47. Kg5 Ne5 48. Kf4 Nd3+ 49. Kg5 Ne5 50. Kf4 1/2-1/2

[Event "Ptuj op 10"]
[Site "Ptuj"]
[Date "2015.10.28"]
[Round "6"]
[White "Kastelic, Amadej"]
[Black "Rozman, Monika"]
[Result "0-1"]
[WhiteElo "1176"]
[BlackElo "1991"]
[PlyCount "110"]
[EventDate "2015.10.24"]
[EventType "swiss"]
[EventRounds "9"]
[EventCountry "SLO"]
[SourceTitle "CBM 169 Extra"]
[Source "ChessBase"]
[SourceDate "2015.12.18"]
[SourceVersion "1"]
[SourceVersionDate "2015.12.18"]
[SourceQuality "1"]

1. e4 c5 2. Nf3 d6 3. d4 cxd4 4. Nxd4 Nf6 5. Nc3 a6 6. Be2 e6 7. Be3 Be7 8. 0-0 Qc7 9. f4 b5 10. a3 Bb7 11. Bf3 0-0 12. Qe1 Nbd7 13. Qg3 Nc5 14. e5 Nfe4 15. Nxe4 Nxe4 16. Bxe4 Bxe4 17. exd6 Qxd6 18. c3 Rfd8 19. Rad1 Qc7 20. Qg4 Bd5 21. f5 Bc5 22. fxe6 fxe6 23. Nxe6 Bxe3+ 24. Kh1 Qe7 25. Nxd8 Rxd8 26. Rfe1 Qg5 27. Qxg5 Bxg5 28. Re5 Bxg2+ 29. Kxg2 Rxd1 30. Rxg5 Rd2+ 31. Kg3 Rxb2 32. Rc5 Rb3 33. Rc8+ Kf7 34. Rc7+ Kf6 35. Rc6+ Kf5 36. Rc7 Rxa3 37. Rxg7 Rxc3+ 38. Kg2 b4 39. Ra7 Ra3 40. Rxh7 b3 41. Rb7 Ke4 42. h4 Kd3 43. h5 Kc2 44. h6 Ra5 45. Rc7+ Kb1 46. Rb7 b2 47. Ra7 Ka2 48. h7 b1Q 49. h8Q Qg6+ 50. Kf3 Rf5+ 51. Ke3 Qe6+ 52. Kd3 Rd5+ 53. Kc3 Qc6+ 54. Kb4 Rb5+ 55. Ka4 Qc4# 0-1